| 000 | 01314nam a22002657a 4500 | ||
|---|---|---|---|
| 005 | 20260211111108.0 | ||
| 008 | 260211b |||||||| |||| 00| 0 eng d | ||
| 020 | _a9788126705832 (hbk) | ||
| 037 | _cTB | ||
| 040 |
_aCRL _cCRL |
||
| 041 |
_2hin _ahin |
||
| 084 | _aO15,2D98:g 152K3;Q9 | ||
| 100 |
_aद्विवेदी, हजारीप्रसाद _91114992 |
||
| 245 |
_aनाट्यशास्त्र की भारतीय परंपरा और दशरूपक: _bधनिक की वृत्ति सहित |
||
| 250 | _a7 संस्करण | ||
| 260 |
_aनई दिल्ली, भारत: _bराजकमल प्रकाशन, _c2019. |
||
| 300 | _a365पृ. | ||
| 365 | _b1295.00 | ||
| 546 | _aTranslated to Sanskrit to Hindi | ||
| 650 |
_aसंस्कृत नाटक _91114993 |
||
| 650 |
_aसंस्कृत साहित्य _91114994 |
||
| 700 |
_aद्विवेदी, पृथ्वीनाथ _eलेखक _91114995 |
||
| 942 |
_2CC _cTB _e7 संस्करण _hO15,2D98:g 152K3;Q9 _n0 |
||
| 999 |
_c1679214 _d1679214 |
||